000 00649nam a2200181Ia 4500
003 GCL
008 140319s9999 xx 000 0 ara d
040 _aGCL /
_cGCL
082 0 4 _a414
_bس م
100 1 _aسامى منير عامر
245 1 0 _aمدخل امين الخولى الى الدراسة الجمالية البلاغية : ملامحة : اثارة /
_cسامى منير عامر
260 _a[S.N] :
_bمنشاة المعارف الاسلامية ،
_c1989
300 _a70 ص
490 _aكتب الادب والنقد
_v0
650 0 4 _aاللغة العربية
650 0 4 _aالبلاغة العربية
942 _2ddc
_cBK
999 _c31872
_d31872